000 00508nam a2200169Ia 4500
008 180921t xxu||||| |||| 00| 0 sin d
041 _asin
080 _a636
_bURU
245 _aඌරු පාලනයෙන් වැඩි වාසි ලබා ගනිමු
246 _aUru Palanayen Vedi Vaasi Laba Ganimu
260 _bHuman Development Section
_aPeradeniya
300 _a34p., 21 cm
650 _apig
_aAgricultural
942 _cBK
999 _c15904
_d15904
003 LK-CoDNM
040 _aLK-CoDNM
_dLK-CoDNM
_eLK-CoDNM